000 00574nam a2200169Ia 4500
008 140512s9999 xx 000 0 und d
020 _a9789710506217
050 _aLB 2353.2
_b.Al385 2014
100 _aAlfarez, Merle S.
245 _aMSA All College admission tests reviewer :
_bfor schools like UP, Ateneo, De La Salle, UST
_cMerle S. Alfarez
260 _aQuezon City :
_bMSA Publishing House,
_cc2014.
300 _a167 p. :
_c26 cm.
500 _aAnswers keys.
650 _aUniversity and Colleges
_xExamination -- Questions, etc.
942 _cBK
999 _c116654
_d116654